00549nam a2200169Ia 4500008004100000020001800041041000800059082001700067100003800084245005200122250000600174260002700180300001300207650000900220999001900229952013100248210716s2014 xx 000 0 und d a9788126551286 aeng a006.754 WARJ aWarner, Janine;LaFontaine, David. aSocial media design: for dummies.bFor dummies. a1 aNew DelhibWILEYc2014 aviii,337 aNone c197171d197171 001040708MCAaAIMITbAIMITeKnowledge Worldg499.00l0o006.754 WARJpMCA16686r2026-05-23 00:00:00v374.25w2021-07-16yBK